Central Library OPAC University of Rajshahi

গল্পকার হাসান আজিজুল হক / (Record no. 48261)

MARC details
000 -LEADER
fixed length control field 00715nam a2200217 a 4500
001 - CONTROL NUMBER
control field 48261
003 - CONTROL NUMBER IDENTIFIER
rucl marc code BD-RjUL
005 - DATE AND TIME OF LATEST TRANSACTION
control field 20211209054505.0
008 - FIXED-LENGTH DATA ELEMENTS--GENERAL INFORMATION
fixed length control field 160813b1987 bg |||| ||| 000 0 ben d
035 ## - SYSTEM CONTROL NUMBER
System control number (BD-RjUL)48380
040 ## - CATALOGING SOURCE
Original cataloging agency BD-RjUL
Language of cataloging ben
Transcribing agency BD-RjUL
Modifying agency BD-RjUL
041 ## - LANGUAGE CODE
Language code of text/sound track or separate title ben
082 ## - DEWEY DECIMAL CLASSIFICATION NUMBER
Edition number 23
Classification number 891.443
Author mark and year JAG 1994
100 10 - MAIN ENTRY--PERSONAL NAME
Personal name জাফর, আবু
9 (RLIN) 120696
245 10 - TITLE STATEMENT
Title গল্পকার হাসান আজিজুল হক /
Statement of responsibility, etc. আবু জাফর
260 ## - PUBLICATION, DISTRIBUTION, ETC. (IMPRINT)
Place of publication, distribution, etc. ঢাকা :
Name of publisher, distributor, etc. বইঘর,
Date of publication, distribution, etc. ১৯৮৭
300 ## - PHYSICAL DESCRIPTION
Pagination ১২২ পৃ. ;
Size ২১ সেমি.
650 ## - SUBJECT ADDED ENTRY--TOPICAL TERM
Topical term or geographic name as entry element বাংলা ছোটগল্প
9 (RLIN) 146142
Topical term or geographic name as entry element Bengali Shortstories
9 (RLIN) 135966
942 ## - ADDED ENTRY ELEMENTS (KOHA)
Source of classification or shelving scheme Dewey Decimal Classification
Koha item type Books
Holdings
Lost status Source of classification or shelving scheme Damaged status Not for loan Collection code Permanent Location Current Location Shelving location Date acquired Source of acquisition Total Checkouts Full call number Date last seen Copy number Koha item type Cost, normal purchase price
  Dewey Decimal Classification     Fiction Central Library, University of Rajshahi Central Library, University of Rajshahi   07/08/1996 Zeitlinger   B 891.443 JAG 1994 13/08/2016 C-2 Books  
  Dewey Decimal Classification     Fiction Central Library, University of Rajshahi Central Library, University of Rajshahi   12/11/1988 Rajshahi   B 891.443 JAG 1988 13/08/2016 C-3 Books 45.00
  Dewey Decimal Classification     Fiction Central Library, University of Rajshahi Central Library, University of Rajshahi   12/11/1988 Rajshahi   B 891.443 JAG 1988 13/08/2016 C-4 Books 45.00